40 casos prc̀ticos sobre deducciones autorizadas

Detalles Bibliográficos
Autor principal: Martn̕ez Gutiřrez, Javier
Formato: eBook
Lenguaje:español
Publicado: Ciudad de Mx̌ico: Ediciones Fiscales ISEF, 2020
Materias:
Acceso en línea:Acceso restringido

MARC

LEADER 00000nam a22000007a 4500
005 20200602164029.0
007 cr|||| ||||
008 200602s2020 mx |||||s|||| 00||0 spa d
020 |a 978-607-541-213-9 
035 |a 31625 
040 |a vLex 
090 |c 10501  |d 10501 
100 1 |a Martn̕ez Gutiřrez, Javier 
245 1 0 |a 40 casos prc̀ticos sobre deducciones autorizadas  |h [Recurso electrn̤ico] /  |c Javier Martn̕ez Gutiřrez 
256 |a Servicio en ln̕ea 
260 |a Ciudad de Mx̌ico:  |b Ediciones Fiscales ISEF,  |c 2020 
300 |a 1 recurso electrn̤ico 
506 1 |a Disponible solo en los productos indicados  |d vLex Global  |d vLex Global (Academic Edition, excluding Law Schools)  |d vLex Global (U.S. Academic Edition, Law Schools)  |d vLex Global (U.S. Academic Edition, excluding Law Schools)  |d vLex Global (Academic Edition, Law Schools) 
650 0 4 |a Derecho Tributario  |z Mx̌ico 
740 0 |a vLex Libros (Servicio en ln̕ea) 
856 4 0 |u http://vlex.com/source/40-casos-practicos-deducciones-autorizadas-31625  |z Acceso restringido 
942 |c BOOK 
999 0 |a Tax Law